Boroughs of New York City - Sudden Death - Statistics

General Stats
  • This quiz has been taken 1,246 times
    1,241 since last reset
  • The average score is 4 of 6
Answers on the Grid
Answers color-coded by a green-red scale on the quiz's grid according to % correct below.
Free Correct Answer ***Click Here***
Broadway
Brooklyn
Central Park
Chelsea
Coney Island
Harlem
Kings
Long Island
Manhattan
Nassau
New Amsterdam
New England
New Jersey
Newark
Poughkeepsie
Queens
Staten Island
The Bronx
Tribeca
Westchester
White Plains
Williamsburg
Yonkers
 
Answer Stats
Answer % Correct
Brooklyn
86%
Free Correct Answer ***Click Here***
66%
Manhattan
63%
Queens
63%
The Bronx
63%
Staten Island
52%
No matching quizzes found
Score Distribution
Percent of People with Each Score
Percentile by Number Answered
Your Score History
You have not taken this quiz since the last reset